Disparities in income and level of living (Record no. 18907)

000 -LEADER
fixed length control field 00437pab a2200169 454500
008 - FIXED-LENGTH DATA ELEMENTS--GENERAL INFORMATION
fixed length control field 180718b1990 xxu||||| |||| 00| 0 eng d
100 ## - MAIN ENTRY--PERSONAL NAME
Personal name Chattopadhyay, Manabendu
245 ## - TITLE STATEMENT
Title Disparities in income and level of living
260 ## - PUBLICATION, DISTRIBUTION, ETC.
Date of publication, distribution, etc. 1990
300 ## - PHYSICAL DESCRIPTION
Extent 789-90
362 ## - DATES OF PUBLICATION AND/OR SEQUENTIAL DESIGNATION
Dates of publication and/or sequential designation 14 Apr.
650 ## - SUBJECT ADDED ENTRY--TOPICAL TERM
Topical term or geographic name entry element Standard of Living
700 ## - ADDED ENTRY--PERSONAL NAME
Personal name Ashok Rudre
700 ## - ADDED ENTRY--PERSONAL NAME
Personal name Robin Mukherjee
773 ## - HOST ITEM ENTRY
Main entry heading Economic and Political Weekly
909 ## -
-- 18907
Holdings
Withdrawn status Lost status Damaged status Not for loan Permanent Location Current Location Date acquired Serial Enumeration / chronology Barcode Date last seen Price effective from Koha item type
        Indian Institute of Public Administration Indian Institute of Public Administration 2018-07-19 Volume no: 25, Issue no: 15 AR18969 2018-07-19 2018-07-19 Articles

Powered by Koha